000 00577nam a2200181Ia 4500
003 GCL
008 140319s9999 xx 000 0 ara d
040 _aGCL /
_cGCL
082 0 4 _a347.06
_bم خ
100 1 _aمحمود جمال الدين ذكى
245 1 0 _aالخبرة فى المواد المدنية والتجارية /
_cمحمود جمال الدين ذكى
260 _a[S.N] :
_bجامعة القاهرة ،
_c1990
300 _a203 ص
490 _a
650 0 4 _aالقانون
650 0 4 _aقانون الاجراءات المدنية
942 _2ddc
_cBK
999 _c56180
_d56180